000 00303nam a22001217a 4500
008 181009b xxu||||| |||| 00| 0 eng d
041 _aeng
080 _a370
100 _a48
101 _aEDU
245 _aHnadbook Of Methods In Norverbal Behavioral Research
_cScerer.K.R
942 _2udc
_cBK
999 _c49231
_d49231